000 00447nam a2200205Ia 4500
001 13235
003 GE_BSU
008 181216s||||||||xx |||||||||||||| ||und||
020 _a0316726176
040 _cGE_BSU
080 _a821.111-32
100 _aVanderhaeghe,Guy.
245 4 _aThe last crossing.
260 _aLondon.
260 _bLittle,brown.
260 _c2002
300 _a468p;22cm.
653 _aThe last crossing.
942 _cBK
999 _c46399
_d46399